Regional development - basic theoretical approaches

Regionálny rozvoj - základné teoretické prístupy.

Gespeichert in:
Bibliographische Detailangaben
1. Verfasser: Rýsová, Lucia
Weitere Verfasser: Dobrík, Michal
Format: Buchkapitel
Sprache:Englisch
Schlagworte:
Tags: Tag hinzufügen
Keine Tags, Fügen Sie das erste Tag hinzu!

MARC

LEADER 00000naa a2200000 4500
001 0182135
005 20231207093913.3
041 0 |a eng 
044 |a SK 
245 1 0 |a Regional development - basic theoretical approaches  |c Lucia Rýsová, Michal Dobrík 
520 |a Regionálny rozvoj - základné teoretické prístupy. 
610 2 0 |a rozvoj regionálny 
610 2 0 |a stratégia hospodárska 
610 2 0 |a rozvoj sociálno-ekonomický 
610 2 0 |a regióny 
610 2 0 |a teórie rozvoja regionálneho 
100 1 |a Rýsová, Lucia 
700 1 |a Dobrík, Michal